Beijing At Play: (Record no. 611325)

000 -LEADER
fixed length control field 00417nam a22001337a 4500
020 ## - INTERNATIONAL STANDARD BOOK NUMBER
International Standard Book Number 9787508512907
082 ## - DEWEY DECIMAL CLASSIFICATION NUMBER
Classification number 327.51
Author Mark HON
100 ## - MAIN ENTRY--PERSONAL NAME
Personal name Lu, Hongmei & Lu, Dongmei
245 ## - TITLE STATEMENT
Title Beijing At Play:
Remainder of title Common People's Approach to Health and Happiness /
Statement of responsibility, etc. Hongmei Lu, & Dongmei Lu
260 ## - PUBLICATION, DISTRIBUTION, ETC.
Place of publication, distribution, etc. China :
Name of publisher, distributor, etc. Intercontinental Press,
Date of publication, distribution, etc. 2008.
300 ## - PHYSICAL DESCRIPTION
Extent 236 p. ;
Dimensions 24 cm.
563 ## - BINDING INFORMATION
Binding note Paperback.
942 ## - ADDED ENTRY ELEMENTS (KOHA)
Source of classification or shelving scheme
Koha item type Book
Holdings
Withdrawn status Lost status Source of classification or shelving scheme Damaged status Not for loan Permanent Location Current Location Shelving location Date acquired Source of acquisition Total Checkouts Full call number Barcode Date last seen Price effective from Koha item type
          Central Library (CL) Central Library (CL) Chinese Studies 09/02/2024 Donated by Chinese Studies Center   327.51 HON CL-D-2651 09/02/2024 09/02/2024 Book
© 2023 Central Library, National University of Sciences and Technology. All Rights Reserved.